| 000 | 00777cab a2200229 4500 | ||
|---|---|---|---|
| 001 | ABS38399 | ||
| 008 | 090401t1987 xxu||||| |||| 00| 0 eng d | ||
| 035 | _a(Sirsi) u10293 | ||
| 041 | _aeng | ||
| 100 | _aJoyce, M.D. | ||
| 245 | _aMethane hazards in landfill sites | ||
| 260 | _c1987 | ||
| 350 | _a0 | ||
| 490 |
_aChartered Surveyor Weekly _v21(7) 12 November 1987, 32(1) |
||
| 520 | _aDescribes the process whereby decomposing household rubbish dumped on landfill sites produces the highly explosive methane gas and looks at what legal steps can be taken to protect those living in the proximity of these sites. | ||
| 650 | _aEXPLOSIONS | ||
| 650 | _aSAFETY | ||
| 650 | _aWASTE | ||
| 690 | _aCONSERVATION AND THE ENVIRONMENT | ||
| 942 | _n0 | ||
| 948 | _c04/03/1997 | ||
| 999 |
_c6474 _d6474 |
||